000 00899nam a2200277Ia 4500
003 GCL
008 140319s9999 xx 000 0 ara d
040 _aGCL /
_cGCL
082 0 4 _a346.092
_bس ت
100 1 _aسامى عبدالمعطى
245 1 0 _aالتخطيط السياحى فى مصر بين النظرية والتطبيق /
_cسامى عبدالمعطى
260 _a[S.N] :
_bالهيئة المصرية العامة للكتاب ،
_c1989
300 _a358
490 _aالالف كتاب الثانى
_v0
650 0 4 _aالقانون
650 0 4 _aمصر
650 0 4 _aالفنادق
650 0 4 _aالاستثمار
650 0 4 _aالرحلات
650 0 4 _aالسياحة
650 0 4 _aقوانين وتشريعات
650 0 4 _aالسياحة والفنادق
650 0 4 _aالسياحة والدولة
650 0 4 _aالموتيلات
942 _2ddc
_cBK
999 _c28456
_d28456